[Event "45th Olympiad Budapest 2024"]
[Site "Budapest"]
[Date "2024.09.20"]
[Round "9.2"]
[White "Ilkhomi, Jaloliddin"]
[Black "Osunfuyi, Abimbola"]
[Result "1-0"]
[WhiteElo "2227"]
[BlackElo "2164"]
[PlyCount "103"]
[EventDate "2024.09.11"]
[EventType "team"]
[EventRounds "11"]
[EventCountry "HUN"]
[WhiteTeam "Tajikistan"]
[BlackTeam "Nigeria"]
[WhiteTeamCountry "TJK"]
[BlackTeamCountry "NGR"]

1. d4 d5 2. Bf4 Nf6 3. e3 e6 4. Nd2 c5 5. c3 Nc6 6. Ngf3 cxd4 7. exd4 Nh5 8. Be3 Bd6 9. Ne5 g6 10. Bb5 Qc7 11. Qa4 ({RR} 11. O-O f6 12. Nef3 O-O 13. c4 a6 14. Ba4 dxc4 15. Nxc4 Ne7 16. Bb3 Nd5 17. Bh6 Rd8 18. Rc1 Qf7 19. Nxd6 Rxd6 20. Nd2 Ng7 21. Nc4 Rc6 22. Bxg7 Kxg7 23. Ne3 Nxe3 24. fxe3 Rxc1 25. Qxc1 Bd7 {Dominguez Perez,L (2723)-Kryvoruchko,Y (2682) Varadero 2016 ½-½ (43)}) 11... O-O 12. Ndf3 $146 ({RR} 12. Bxc6 bxc6 13. Nd3 f6 14. O-O-O e5 15. f3 a5 16. dxe5 fxe5 17. Bc5 Bf5 18. Nb3 Bxd3 19. Rxd3 Nf4 20. Rd2 Ne6 21. Bxd6 Qxd6 22. Re1 Rfe8 23. Qa3 Qxa3 24. bxa3 a4 25. Na1 Nc5 26. Nc2 e4 {Yang,K (2096)-Alekseev,E (2550) chess.com INT 2024 0-1 (36)}) ({RR} 12. g4 Nf6 13. g5 Nh5 14. f4 f6 15. gxf6 Rxf6 16. Rf1 Bd7 17. O-O-O a6 18. Bxc6 Bxc6 19. Qc2 Kh8 20. Ndf3 Raf8 21. Ng5 Qe7 22. Qd2 Be8 23. Rf2 b5 24. Kb1 Rf5 25. Rg1 a5 26. Qc1 h6 {Fargac,M (2302)-Seemann,J (2364) Ustron 2022 0-1 (56)}) ({RR} 12. Nxc6 bxc6 13. Bxc6 Rb8 14. Bb5 a6 15. Be2 Rxb2 16. Bxh5 gxh5 17. Qd1 f5 18. g3 Qxc3 19. O-O f4 20. gxf4 Bd7 21. Kh1 Be8 22. f5 Rxf5 23. Rc1 Qd3 24. Rc8 Kf7 25. Rg1 Rxa2 26. Ra8 Rxd2 {Sanikidze,T (2498)-Demianjuk,A (2338) Nakhchivan 2019 ½-½ (76)}) 12... Ne7 13. Bh6 Ng7 14. Bd7 f6 15. Bxc8 Raxc8 16. Ng4 Nef5 17. Bd2 g5 18. h3 Qb6 19. O-O-O Rc4 20. Qb3 Qa6 21. h4 h5 22. Ne3 g4 23. Nxc4 dxc4 24. Qc2 gxf3 25. gxf3 Qxa2 26. Be3 Rd8 27. Rhg1 Qa5 28. d5 Nxe3 29. fxe3 Bc5 30. Qe4 exd5 31. Qe6+ Kh8 32. Rxg7 Qa1+ 33. Kc2 Qa4+ 34. Kd2 Qxd1+ 35. Kxd1 Kxg7 36. Kd2 Kg6 37. Ke2 Kg7 38. Kd1 b6 39. Kd2 Kg6 40. Kc2 Kg7 41. f4 Rd6 42. Qe7+ Kg6 43. Qe8+ Kf5 44. Qxh5+ Ke4 45. Qe8+ Kf3 46. h5 f5 47. Qh8 Bxe3 48. h6 d4 49. h7 d3+ 50. Kd1 Rh6 51. Qa8+ Kxf4 52. h8=Q 1-0

[Event "45th Olympiad Budapest 2024"]
[Site "Budapest"]
[Date "2024.09.20"]
[Round "9.3"]
[White "Ofowino, Toritsemuwa"]
[Black "Kabilov, Amin"]
[Result "0-1"]
[WhiteElo "2020"]
[BlackElo "2212"]
[PlyCount "112"]
[EventDate "2024.09.11"]
[EventType "team"]
[EventRounds "11"]
[EventCountry "HUN"]
[WhiteTeam "Nigeria"]
[BlackTeam "Tajikistan"]
[WhiteTeamCountry "NGR"]
[BlackTeamCountry "TJK"]

1. d4 c5 2. d5 Nf6 3. Nc3 e5 4. e4 d6 5. Bb5+ Nbd7 6. a4 Be7 7. Nf3 O-O 8. O-O Ne8 9. Be3 ({RR} 9. Bd3 g6 10. Nd2 Ng7 11. Nc4 f5 12. f4 Kh8 13. Bd2 a6 14. a5 Rb8 15. Qe2 b5 16. axb6 Nxb6 17. Na5 Bd7 18. fxe5 dxe5 19. exf5 gxf5 20. Qxe5 Bf6 21. Qg3 Bd4+ 22. Kh1 Qf6 23. Nc6 Bxc6 {Parligras,M (2567)-Martinez Alcantara,J (2597) chess.com INT 2022 0-1 (41)}) ({RR} 9. a5 a6 10. Be2 g6 11. Bh6 Ng7 12. Nd2 Kh8 13. Nc4 Re8 14. Ra3 Nf8 15. Bg4 f5 16. exf5 gxf5 17. Bh3 Ng6 18. Na4 f4 19. Bxc8 Rxc8 20. Nab6 Rc7 21. Qg4 Bf8 22. Rh3 Qf6 23. Nd2 e4 {Altini,N (2370)-Kleibel,U (2301) chess.com INT 2024 0-1 (53)}) 9... Nc7 $146 ({RR} 9... g6 10. Nd2 f5 11. exf5 gxf5 12. f4 e4 13. Be2 Ndf6 14. h3 Kh8 15. Kh1 Nc7 16. Nc4 Rg8 17. Rg1 Qf8 18. Nb5 Ncxd5 19. Qd2 Be6 20. Rad1 a6 21. Nbxd6 Nxe3 22. Qxe3 Nd5 23. Qxc5 Rd8 24. Qd4+ {Argiroudis,S (2175)-Aftsoglou,I Kavala 1995 0-1}) ({RR} 9... g6 10. Nd2 Bg5 11. Bxg5 Qxg5 12. a5 Nb8 13. Nc4 Bd7 14. Bxd7 Nxd7 15. a6 b6 16. Nb5 Qe7 17. Qd3 Ndf6 18. g3 Qd7 19. Nca3 Nc7 20. Nxc7 Qxc7 21. c4 Qe7 22. f3 Ne8 23. f4 Nc7 24. Nc2 {Williamson,R (2150)-Opasiak,D (1796) London 2013 ½-½ (76)}) ({RR} 9... g6 10. Qc1 Ng7 11. Ng5 Nf6 12. f4 Ng4 13. Bd2 exf4 14. Bxf4 Bf6 15. Nf3 Qe7 16. h3 Ne5 17. Be2 Nxf3+ 18. Bxf3 Be5 19. Qd2 Bd7 20. Kh1 a6 21. a5 Rfe8 22. Bg5 f6 23. Be3 Reb8 24. Ra3 {Chytilek,R (2396)-Poecksteiner,J (2187) Vienna 2012 1-0 (40)}) 10. Be2 g6 11. Nd2 Bg5 12. Nc4 Bxe3 13. Nxe3 Qe7 14. Bg4 Ne8 15. g3 Ng7 16. Qd3 f5 17. Bf3 fxe4 18. Bxe4 Nf6 19. Bg2 Nf5 20. Rae1 Nxe3 21. fxe3 Bf5 22. e4 Bd7 23. b3 a6 24. Rf2 Ng4 25. Rxf8+ Rxf8 26. Nd1 Qg5 27. h3 Nf6 28. Qe3 Qh5 29. g4 Qh4 30. Qf2 Qxf2+ 31. Nxf2 h5 32. gxh5 Nxh5 33. Re3 b5 34. axb5 axb5 35. Bf3 Nf4 36. Bg4 Bxg4 37. hxg4 Ra8 38. Nd3 Nxd3 39. Rxd3 Rf8 40. Kg2 Rf4 41. Re3 Rxg4+ 42. Kf3 Rh4 43. Re2 Rh3+ 44. Kg4 Rc3 45. Kh4 Kg7 46. Kg4 b4 47. Kh4 Rf3 48. Kg4 Rf1 49. Kg3 g5 50. Kg2 Rf4 51. Kg3 Kg6 52. Kh3 Kh5 53. Kg3 g4 54. Rh2+ Kg5 55. Re2 Rf3+ 56. Kg2 Kf4 0-1

[Event "45th Olympiad Budapest 2024"]
[Site "Budapest"]
[Date "2024.09.20"]
[Round "9.4"]
[White "Oimahmadov, Sulaimon"]
[Black "Quickpen, Deborah Ebimobo-Ere"]
[Result "0-1"]
[WhiteElo "1953"]
[BlackElo "1918"]
[PlyCount "134"]
[EventDate "2024.09.11"]
[EventType "team"]
[EventRounds "11"]
[EventCountry "HUN"]
[WhiteTeam "Tajikistan"]
[BlackTeam "Nigeria"]
[WhiteTeamCountry "TJK"]
[BlackTeamCountry "NGR"]

1. e4 c5 2. Nf3 Nc6 3. d4 cxd4 4. Nxd4 Nf6 5. Nc3 e5 6. Ndb5 d6 7. Bg5 a6 8. Bxf6 gxf6 9. Na3 b5 10. Nd5 Bg7 11. c3 O-O 12. Be2 f5 13. exf5 Bxf5 14. Nc2 Ne7 15. Nce3 Be6 ({RR} 15... Bg6 16. O-O f5 17. f4 Kh8 18. Kh1 Nxd5 19. Nxd5 Bf7 20. Bf3 e4 21. Be2 Rb8 22. Qd2 b4 23. Nxb4 Qb6 24. Bxa6 Qa5 25. Be2 d5 26. a3 Qb6 27. Rad1 Rfd8 28. Qe1 d4 29. cxd4 Rxd4 30. Rb1 {Okike,D (2157)-Einarsson,H (2218) chess.com INT 2023 1-0 (61)}) 16. Bf3 Rc8 ({RR} 16... Rb8 17. O-O b4 18. Qd3 bxc3 19. bxc3 f5 20. Nxe7+ Qxe7 21. Bd5 Kh8 22. Bxe6 Qxe6 23. Rab1 Rxb1 24. Rxb1 f4 25. Nd5 e4 26. Qd1 Be5 27. Rb4 Rg8 28. Rxe4 Rxg2+ 29. Kxg2 Qg6+ 30. Kh3 Qxe4 31. f3 {Vescovi,G (2592)-Matsuura,E (2460) Sao Paulo 2006 ½-½ (61)}) 17. Qd2 $146 ({RR} 17. g4 Kh8 18. Be4 Rc5 19. Qd3 Ng6 20. O-O-O Nf4 21. Nxf4 exf4 22. Nf5 Bxf5 23. Bxf5 b4 24. Kc2 bxc3 25. b4 Rb5 26. a3 Qb6 27. Rhf1 a5 28. Qxd6 axb4 29. axb4 Rxb4 30. Qxb6 Rxb6 31. Rb1 Rfb8 {Aldokhin,I (2413)-Bochnicka,V (2367) chess.com INT 2022 ½-½ (85)}) 17... Nxd5 18. Bxd5 Qe7 19. O-O Bh6 20. Rad1 Rcd8 21. Nf5 Bxf5 22. Qxh6 Be6 23. Rd3 Kh8 24. Rfd1 Rg8 25. Be4 f5 26. Bd5 Rg6 27. Qh3 Bc8 28. Qe3 f4 29. Qe1 Bf5 30. Be4 Qg5 31. g3 h5 32. h4 Qf6 33. Kh2 Kg7 34. R1d2 Kf7 35. Qh1 Ke7 36. Bxf5 Qxf5 37. Qb7+ Rd7 38. Qa8 Re6 39. Qd5 Qg4 40. Qf3 Qf5 41. Rd5 fxg3+ 42. Kg2 Qxf3+ 43. Kxf3 gxf2 44. Kxf2 Rg6 45. Rd1 Rg4 46. Rh1 Ke6 47. Rd3 e4 48. Rg3 Rf7+ 49. Kg2 Rxg3+ 50. Kxg3 Rf3+ 51. Kg2 Ke5 52. a4 Rf4 53. axb5 axb5 54. Kg3 Rg4+ 55. Kf2 Kf4 56. Rh3 d5 57. Rh2 e3+ 58. Ke2 Ke4 59. Ke1 Kd3 60. Kf1 Rg3 61. Rh1 Kd2 62. Rh2+ Kd1 63. c4 d4 64. c5 d3 65. Rh1 Kd2 66. c6 e2+ 67. Kf2 Rg8 0-1

[Event "45th Olympiad Budapest 2024"]
[Site "Budapest"]
[Date "2024.09.20"]
[Round "9.1"]
[White "Susilodinata, Andrean"]
[Black "Allam, Mohamed"]
[Result "1/2-1/2"]
[WhiteElo "2393"]
[BlackElo "2053"]
[PlyCount "126"]
[EventDate "2024.09.11"]
[EventType "team"]
[EventRounds "11"]
[EventCountry "HUN"]
[WhiteTeam "Indonesia"]
[BlackTeam "Palestine"]
[WhiteTeamCountry "INA"]
[BlackTeamCountry "PLE"]

1. d4 d5 2. Nc3 Nf6 3. Bf4 e6 4. Nb5 Bb4+ 5. c3 Ba5 6. a4 a6 7. b4 Bxb4 8. cxb4 axb5 9. axb5 Rxa1 10. Qxa1 Qe7 11. Qb1 ({RR} 11. Qa3 O-O 12. e3 Nh5 13. Bg3 Nxg3 14. hxg3 Nd7 15. Nf3 e5 16. dxe5 Nxe5 17. Qc3 Nxf3+ 18. gxf3 Rd8 19. Qd4 Bf5 20. Be2 b6 21. O-O h5 22. Rc1 g6 23. Qf4 Rd7 24. Qd4 Be6 25. Ra1 Rd8 {Haug,H (2334)-Duda,J (2731) chess.com INT 2024 ½-½ (105)}) 11... Nh5 12. Bd2 $146 ({RR} 12. Bg3 Nxg3 13. hxg3 h6 14. Nf3 Nd7 15. e3 Nb6 16. Bd3 Bd7 17. O-O Nc4 18. Bxc4 dxc4 19. Qe4 Qxb4 20. Qxb7 O-O 21. Ne5 Bxb5 22. Qxc7 f6 23. Ng6 Rf7 24. Qc8+ Kh7 25. Nf4 Bd7 26. Qc7 g5 {Bortnyk,O (2604)-Itgelt,K (2204) chess.com INT 2022 1-0 (40)}) 12... Nd7 13. e3 Nhf6 14. Nf3 O-O 15. Bd3 e5 16. dxe5 Nxe5 17. Nxe5 Qxe5 18. O-O Ne4 19. Bc1 Bf5 20. Qb2 Qxb2 21. Bxb2 Nd6 22. Bxf5 Nxf5 23. Be5 Rc8 24. g4 f6 25. Bf4 g5 26. Bxg5 fxg5 27. gxf5 Kf7 28. Rc1 Kf6 29. Rc5 Ke5 30. Kg2 b6 31. Rc6 Kxf5 32. Rh6 Ra8 33. Rxh7 Ra4 34. Rf7+ Ke5 35. h4 Ke6 36. Rg7 d4 37. Rg6+ Kf7 38. Rxg5 dxe3 39. fxe3 Rxb4 40. h5 Kf6 41. Rg6+ Ke7 42. Rg7+ Kf6 43. Rxc7 Kg5 44. h6 Kxh6 45. Rc6+ Kg5 46. Rxb6 Kg4 47. Rg6+ Kf5 48. Rh6 Kg5 49. Rh8 Rxb5 50. Kf3 Kf6 51. Rh6+ Ke7 52. Kf4 Ra5 53. e4 Rb5 54. Rh7+ Ke6 55. Ra7 Rc5 56. Ra6+ Ke7 57. Ra7+ Ke6 58. Ra8 Rb5 59. Rg8 Ra5 60. Rg6+ Ke7 61. e5 Ra1 62. Rg7+ Ke6 63. Rg6+ Ke7 1/2-1/2

[Event "45th Olympiad Budapest 2024"]
[Site "Budapest"]
[Date "2024.09.20"]
[Round "9.2"]
[White "Michel Yunis, Christian D."]
[Black "Cahaya, Satria Duta"]
[Result "1/2-1/2"]
[WhiteElo "2220"]
[BlackElo "2219"]
[PlyCount "63"]
[EventDate "2024.09.11"]
[EventType "team"]
[EventRounds "11"]
[EventCountry "HUN"]
[WhiteTeam "Palestine"]
[BlackTeam "Indonesia"]
[WhiteTeamCountry "PLE"]
[BlackTeamCountry "INA"]

1. d4 {Fernandez,Daniel Howard} Nf6 2. Nf3 g6 3. c4 Bg7 4. Nc3 d5 5. Qb3 dxc4 6. Qxc4 O-O 7. e4 ({RR} 7. Bf4 Be6 ({RR} 7... c6 8. e4 b5 9. Qb3) 8. Qxc7 ({RR} 8. Qd3 c5) 8... Nc6 9. e3 Nb4 ({RR} 9... Rc8 10. Qxd8 Rfxd8 11. Bg3) ({RR} 9... Qxc7 10. Bxc7 Nb4 11. Kd2 Nbd5 12. Nxd5 Ne4+ 13. Ke1 Bxd5 14. Bd3 Rac8 15. Rc1) 10. Qxd8 Rfxd8 11. Kd2 Nbd5 12. Nxd5 Ne4+ 13. Ke1 Bxd5 14. Bd3 ({RR} 14. Be2 Rac8) 14... Nc5 15. dxc5 ({RR} 15. Be2 Na4) 15... Bxf3 16. gxf3 Rxd3 17. Ke2 Rd5 18. Rac1 Bxb2 19. Rhd1 Bxc1 ({RR} 19... Rad8 20. Rxd5 Rxd5 21. Rb1 Ba3 22. Rxb7 Bxc5 23. e4 Rh5 24. Rb5) ({RR} 19... Rh5 20. Rb1 Ba3 21. Rxb7 Bxc5) 20. Rxd5 Ba3 21. Rd7 Bxc5) 7... Nc6 8. Be2 e5 9. d5 Nd4 ({RR} 9... Ne7 10. Be3 c6 11. dxc6 Nxc6) 10. Nxd4 exd4 11. Qxd4 c6 12. Qd1 ({RR} 12. Qc4 b5 13. Qxc6 Bd7 14. Qd6 Re8 ({RR} 14... Rc8 15. O-O Rxc3 16. bxc3 Nxe4 17. Qa6 Nxc3 18. Bf3) 15. Bg5 ({RR} 15. f3 Nh5 16. Be3 ({RR} 16. g3 f5 17. Bd3 a5 18. Be3 b4 19. Nd1 Nf6 20. e5 Ng4 21. fxg4 Bxe5 22. Qc5 Rc8 23. Qa7 Ra8 24. Qc5 Rc8 25. Qa7 Ra8 26. Qb7 Rb8 ({RR} 26... Bd4) 27. Qa6 f4 28. gxf4 Bxf4 29. O-O Bxe3+ 30. Nxe3 Rxe3) 16... f5 17. Qa3 b4 18. Qxb4 Rb8 19. Qa3 fxe4 20. f4 Qh4+ 21. g3 Nxg3 22. Bf2 Qh3 23. Bxg3 Rec8 24. Bf1 Qg4 25. Be2 Qh3 26. Bf1 Qg4 27. Be2) ({RR} 15. Bd3 a5 16. f3 b4 17. Ne2 Bf8 18. Qg3 Qb6 ({RR} 18... Nxd5) 19. Bg5 ({RR} 19. Qg5) 19... Rac8 20. Qf2 Bc5 21. Qh4 Nxd5 22. Bc4 h6) 15... Rb8 ({RR} 15... b4 16. Qxb4 Nxd5 17. Nxd5 Qxg5 18. O-O Rab8) 16. a3 a5 17. O-O b4 18. axb4 axb4 19. Nd1 ({RR} 19. Bxf6 Bxf6 20. Ra7 Bf5 21. Nb5 ({RR} 21. Qxd8 Bxd8 22. Nb5 Rxe4 23. Bd3 Rf4 24. Bxf5 Rxf5 25. Rd7 Bb6) 21... Rxe4 22. Bd3 Rd4 23. Qxd8+ ({RR} 23. Bxf5 Rxb5 24. Qxd8+ Bxd8) 23... Rxd8 24. Nxd4 Bxd4 25. Bxf5 Bxa7 26. Be4) 19... Nxe4 20. Bxd8 Nxd6 21. Bc7 Rb7 22. Bxd6 Rxe2 23. Ra8+ Re8 24. Rxe8+ Bxe8 25. Re1 Bd7 26. Re4 ({RR} 26. Be5 Bxe5 27. Rxe5 Rc7 28. Kf1) ({RR} 26. b3) 26... Ba4 {Giri,A (2783)-Mamedyarov,S (2817) Wijk aan Zee 2019 CBM 188 [Fernandez,Daniel Howard] ½-½ (31)}) ({RR} 12. d6 Re8 13. Qd3 b5 14. f3 Re6 15. Be3 Rxd6 16. Qc2 Nh5 17. O-O Bd4) 12... cxd5 13. exd5 b5 14. a3 $146 ({RR} 14. Nxb5 Nxd5 15. O-O Bb7 16. Bf3 Rb8 17. Rb1 Ba8 18. Qd3 Qa5 19. Bxd5 Bxd5 20. Qxd5 Rxb5 21. Qd3 Qxa2 22. Qxb5 Qxb1 23. Qa6 Qc2 24. Qa1 Bxb2 25. Bxb2 {½-½ (25) Tin,J (2406)-Lorparizangeneh,S (2425) Ulaanbaatar 2015}) ({RR} 14. Nxb5 Nxd5 15. O-O Bb7 16. Bf3 Qb6 17. Qb3 Rad8 18. Bg5 Rc8 19. Nd6 Qxd6 20. Qxb7 Nc7 21. Rac1 Be5 22. Rfd1 Qb6 23. Qxb6 axb6 24. Be7 Rfe8 25. Bd6 Bxd6 26. Rxd6 Nb5 27. Rxc8 Rxc8 28. Rd2 Rc1+ {Nandish V S (1981)-Stribuk,A (2422) Gandhinagar IND 2024 1-0 (63)}) ({RR} 14. Nxb5 Nxd5 15. O-O Bb7 16. Bf3 a6 17. Nc3 Nxc3 18. Qxd8 Rfxd8 19. Bxb7 Ne2+ 20. Kh1 Ra7 21. Bf3 {½-½ (21) Drygalov,S (2490)-Suleymenov,A (2441) Cheliabinsk 2021}) ({RR} 14. Nxb5 Nxd5 15. O-O Bb7 16. Bf3 Rb8 17. a4 a6 18. Na3 Ba8 19. Qd3 Qa5 20. Nc4 Qc5 21. Bd2 Rfd8 22. Qe2 Re8 23. Qd3 Red8 24. Qe2 Re8 25. Qd3 Red8 26. Qe2 {½-½ (26) Makhnyov,D (2338)-Lorparizangeneh,S (2425) Ulaanbaatar 2015}) 14... Bb7 15. O-O Nxd5 16. Nxd5 Qxd5 17. Qxd5 Bxd5 18. Bxb5 Rfb8 19. a4 a6 20. Bd3 Bc6 21. Re1 a5 22. Re7 Rb4 23. Rc7 Bxa4 24. Rc4 Rd8 25. Bg5 Rxc4 26. Bxc4 Rd1+ 27. Rxd1 Bxd1 28. Bc1 Kf8 29. Kf1 Ke7 30. Ke1 Bc2 31. Bd2 Bxb2 32. Bxa5 1/2-1/2

[Event "45th Olympiad Budapest 2024"]
[Site "Budapest"]
[Date "2024.09.20"]
[Round "9.3"]
[White "Mariano, Fabian Glen"]
[Black "Abdel Wahab, Ahmad"]
[Result "1-0"]
[WhiteElo "2121"]
[BlackElo "1995"]
[PlyCount "95"]
[EventDate "2024.09.11"]
[EventType "team"]
[EventRounds "11"]
[EventCountry "HUN"]
[WhiteTeam "Indonesia"]
[BlackTeam "Palestine"]
[WhiteTeamCountry "INA"]
[BlackTeamCountry "PLE"]

1. e4 c5 2. Nf3 d6 3. d4 cxd4 4. Nxd4 Nf6 5. Nc3 a6 6. f3 e5 7. Nb3 Be6 8. Be3 Nbd7 9. g4 Be7 10. Qd2 b5 11. O-O-O O-O 12. g5 b4 13. Ne2 Nh5 14. Ng3 Nf4 15. h4 a5 16. Kb1 g6 17. Bxf4 exf4 18. Qxf4 Ne5 19. Qe3 a4 20. Nd4 Qb6 $146 ({RR} 20... b3 21. cxb3 axb3 22. a3 Ra4 23. f4 Nc4 24. Qc3 Qa8 25. Nxe6 Nxa3+ 26. bxa3 fxe6 27. Bh3 Kf7 28. Rxd6 Rxe4 29. Bxe6+ Rxe6 30. Rxe6 Kxe6 31. Qc4+ Kd7 32. Qb5+ Ke6 33. Re1+ Kf7 34. Qxb3+ Ke8 35. Ne4 {Kornev,A (2507)-Radomsky,V (2168) Suzdal 2010 1-0 (36)}) 21. f4 Nc4 22. Bxc4 Bxc4 23. Ndf5 Qxe3 24. Nxe3 Be6 25. f5 Bc8 26. f6 Bd8 27. Nc4 Be6 28. Nxd6 Bb6 29. Rd3 b3 30. cxb3 axb3 31. axb3 Ra6 32. Nc4 Bc7 33. Ne2 Rfa8 34. Kc2 Bg4 35. Nc3 Rc6 36. Nd5 Kf8 37. Nxc7 Rxc7 38. Rg1 Be6 39. Rd4 Rb8 40. Rgd1 Ke8 41. Kb1 Bg4 42. R1d2 Be6 43. Nd6+ Kf8 44. Nf5 Rcc8 45. Ne7 Re8 46. b4 Rb5 47. Nc6 Rb6 48. b5 1-0

[Event "45th Olympiad Budapest 2024"]
[Site "Budapest"]
[Date "2024.09.20"]
[Round "9.4"]
[White "Miswadah, Baha"]
[Black "Kristopher, Reynard"]
[Result "0-1"]
[WhiteElo "1957"]
[BlackElo "2114"]
[PlyCount "52"]
[EventDate "2024.09.11"]
[EventType "team"]
[EventRounds "11"]
[EventCountry "HUN"]
[WhiteTeam "Palestine"]
[BlackTeam "Indonesia"]
[WhiteTeamCountry "PLE"]
[BlackTeamCountry "INA"]

1. d4 d5 2. Bf4 c5 3. e3 Nc6 4. c3 Nf6 5. Nd2 Bf5 6. Qb3 Qd7 7. Ngf3 c4 8. Qd1 e6 9. a4 Bd6 10. Bxd6 Qxd6 11. b3 ({RR} 11. a5 O-O 12. Be2 b5 13. axb6 axb6 14. Nh4 b5 15. Nxf5 exf5 16. O-O g6 17. b3 Ra3 18. bxc4 bxc4 19. Qc2 Kg7 20. Bf3 Rfa8 21. Rxa3 Rxa3 22. Qb2 Na5 23. Ra1 Rxa1+ 24. Qxa1 Qb6 25. g3 Nb3 {Miswadah,B (1957)-Sultan,I (2206) Budapest HUN 2024 0-1 (59)}) 11... cxb3 12. Qxb3 O-O 13. Nh4 ({RR} 13. Be2 b6 14. Ba6 Rab8 15. O-O Ne8 16. Nh4 Bg4 17. Bb5 Na5 18. Qb4 Qd8 19. Nhf3 Bxf3 20. Nxf3 Nd6 21. Ba6 {½-½ (21) Pruefer,F (2209)-Loew,G (2175) Rottach-Egern GER 2024}) 13... Rac8 $146 ({RR} 13... Rfc8 14. Nxf5 exf5 15. Bd3 Ne4 16. Bxe4 fxe4 17. a5 Rc7 18. O-O Re8 19. c4 dxc4 20. Nxc4 Qd5 21. Nd2 Qg5 22. a6 bxa6 23. Qc2 Rcc8 24. Rfc1 Qf5 25. Qc5 Ne5 26. Qxa7 Nd3 27. Rxc8 Rxc8 28. Rf1 {Ben Ghanem,H (2144)-Sassi,A (1977) Hammamet 2022 1-0 (68)}) 14. a5 Qc7 15. Nxf5 exf5 16. Qa3 f4 17. Be2 fxe3 18. fxe3 Rfe8 19. Kf2 Ne7 20. g4 Ng6 21. g5 Rxe3 22. gxf6 Qf4+ 23. Bf3 Rexc3 24. Qxc3 Rxc3 25. Ke2 Qe3+ 26. Kd1 Rd3 0-1

[Event "45th Olympiad Budapest 2024"]
[Site "Budapest"]
[Date "2024.09.20"]
[Round "9.1"]
[White "Laohawirapap, Prin"]
[Black "Almedina Ortiz, Edgardo J."]
[Result "1/2-1/2"]
[WhiteElo "2380"]
[BlackElo "2196"]
[PlyCount "134"]
[EventDate "2024.09.11"]
[EventType "team"]
[EventRounds "11"]
[EventCountry "HUN"]
[WhiteTeam "Thailand"]
[BlackTeam "Puerto Rico"]
[WhiteTeamCountry "THA"]
[BlackTeamCountry "PUR"]

1. e4 c6 2. d4 d5 3. exd5 cxd5 4. Bd3 Nc6 5. c3 Nf6 6. Bf4 Bg4 7. Qb3 e5 8. h3 Na5 9. Qc2 exf4 10. hxg4 Nxg4 11. Qe2+ Qe7 12. Nh3 Qxe2+ 13. Bxe2 Nf6 14. Nxf4 g6 15. Bf3 O-O-O 16. Nd2 h5 17. Nd3 Bd6 $146 ({RR} 17... Bh6 18. Kd1 Rhe8 19. Kc2 Ne4 20. Nb3 Nc4 21. Rae1 f5 22. Nbc1 Re7 23. a4 Rc7 24. Ne2 Rd6 25. Ra1 Rb6 26. a5 Rb5 27. a6 Nxf2 28. axb7+ Rcxb7 29. Nb4 Nxh1 30. Rxh1 a5 31. Nxd5 Rxd5 32. Bxd5 {Shubin,K (2440)-Remizov,Y (2437) Sochi RUS 2023 0-1 (42)}) 18. b4 Nc6 19. O-O-O a5 20. b5 Ne7 21. Rde1 Kb8 22. Kc2 Rc8 23. Ne5 Rhf8 24. Kd3 Rc7 25. b6 Rcc8 26. a4 Bxe5 27. Rxe5 Nc6 28. Ree1 Rfd8 29. Rb1 Rd6 30. Rb5 Ne7 31. Re1 Nf5 32. Nb3 Rcc6 33. Nxa5 Rxb6 34. Reb1 Rxb5 35. Rxb5 b6 36. g3 Kc7 37. Nb3 Ne7 38. Nd2 Nc6 39. Nf1 Ne7 40. Ne3 Rd8 41. c4 dxc4+ 42. Nxc4 Nd7 43. a5 Rb8 44. a6 Nc8 45. Rb1 b5 46. Ne3 Na7 47. Nd5+ Kd6 48. Nc3 Rb6 49. Bb7 Nb8 50. Ne4+ Ke7 51. Nc5 Nd7 52. Nxd7 Kxd7 53. d5 Rf6 54. Rb2 g5 55. Kd4 Kd6 56. Ke4 h4 57. gxh4 gxh4 58. f4 Rh6 59. Rh2 h3 60. Kd4 Rh4 61. Kc3 Kc5 62. Kb3 Kd6 63. Ka3 Kc5 64. Rc2+ Kd6 65. Rh2 Kc5 66. Rc2+ Kd6 67. Rh2 Kc5 1/2-1/2

[Event "45th Olympiad Budapest 2024"]
[Site "Budapest"]
[Date "2024.09.20"]
[Round "9.2"]
[White "Zilleruelo Irizarry, Diego"]
[Black "Kulpruethanon, Thanadon"]
[Result "1/2-1/2"]
[WhiteElo "2041"]
[BlackElo "2286"]
[PlyCount "110"]
[EventDate "2024.09.11"]
[EventType "team"]
[EventRounds "11"]
[EventCountry "HUN"]
[WhiteTeam "Puerto Rico"]
[BlackTeam "Thailand"]
[WhiteTeamCountry "PUR"]
[BlackTeamCountry "THA"]

1. e4 c5 2. Nf3 Nc6 3. Be2 g6 ({RR} 3... e5 4. Bc4 Be7 5. Nc3 Nf6 6. d3 O-O 7. O-O d6 8. a3 Be6 9. Nd5 Nd4 10. Nxf6+ Bxf6 11. c3 Nxf3+ 12. Qxf3 Qe7 13. Qd1 Bg5 14. Bxg5 Qxg5 15. f3 Rae8 16. Qb3 Re7 17. Rae1 b6 18. Bxe6 {Olivier,E (2377)-Snuggles (2507) Playchess.com INT 2008 1-0 (72)}) 4. c3 Nf6 5. e5 ({RR} 5. Qc2 Bg7 6. O-O O-O 7. d4 cxd4 8. cxd4 d5 9. e5 Ne4 10. a3 Qb6 11. Be3 Bd7 12. Nc3 Nxc3 13. bxc3 Na5 14. Rfb1 Qc7 15. Rb4 Rac8 16. Rc1 Rfe8 17. Qa2 Bc6 18. Nd2 Qd7 19. c4 dxc4 {Morgado,W (1554)-Fiorito,F (2295) Perez, Santa Fe ARG 2023 0-1 (38)}) 5... Nh5 $146 ({RR} 5... Nd5 6. d4 cxd4 7. Qb3 Qa5 8. Bd2 d3 9. Bxd3 Nc7 10. O-O Ne6 11. Na3 Bg7 12. Rfe1 O-O 13. Bf1 a6 14. Nc4 Qd8 15. Qb6 Nc7 16. Rad1 Rb8 17. Be3 Na8 18. Qxd8 Rxd8 19. Nb6 Nc7 20. Bc5 {Reissmann,W-Zell,M Germany 1988 0-1 (78)}) ({RR} 5... Nd5 6. d4 cxd4 7. Qb3 Nb6 8. cxd4 d5 9. h3 Bg7 10. a4 O-O 11. Bd2 Bf5 12. Na3 Be4 13. Bc3 a5 14. O-O Bxf3 15. Bxf3 e6 16. Rfe1 Re8 17. Qb5 Bf8 18. Nc2 Nc4 19. Be2 Ra6 20. Qb3 {Meszaros,A (2355)-Feher,G (2415) Szekszard 1995 1-0 (70)}) ({RR} 5... Nd5 6. d4 cxd4 7. O-O Bg7 8. cxd4 O-O 9. Qb3 Nb6 10. Bf4 d6 11. exd6 Be6 12. Qa3 exd6 13. Bxd6 Re8 14. Nc3 Bc4 15. Ne5 Bxe2 16. Nxe2 Nxe5 17. dxe5 Nc4 18. Qf3 Nd2 19. Qxb7 Nxf1 20. Rxf1 {Reshetov,V (2113)-Nikitin,A (2278) St Petersburg 2003 0-1 (45)}) 6. d4 cxd4 7. cxd4 d6 8. O-O dxe5 9. d5 Nb8 10. Nxe5 Bg7 11. Qa4+ Nd7 12. Nxd7 Bxd7 13. Qb3 Nf6 14. Qxb7 O-O 15. Nc3 Ne8 16. Bf4 Nd6 17. Qa6 Rb8 18. Rac1 Rxb2 19. Bd3 Qb6 20. Qxb6 axb6 21. Rfe1 Bf6 22. Be5 Bxe5 23. Rxe5 Re8 24. Re2 Rxe2 25. Nxe2 Ra8 26. Bb1 Ra5 27. Rd1 Bb5 28. Nd4 Ba4 29. Nb3 Rb5 30. Bc2 Nc4 31. Rd4 Bxb3 32. axb3 Na3 33. Bd1 Rc5 34. Kf1 Nb5 35. Rd3 Rc1 36. Ke1 Kg7 37. h4 h5 38. f3 Kf6 39. g4 Ke5 40. Kd2 Ra1 41. gxh5 gxh5 42. f4+ Kf6 43. Bxh5 Rh1 44. Bg4 Rxh4 45. Bd7 Nd6 46. Rd4 Rh8 47. Rb4 Rd8 48. Bc6 Rb8 49. Bd7 Kg6 50. Kc3 f5 51. Kd4 Kf6 52. Kd3 Ne4 53. Kd4 Nd6 54. Kd3 Ne4 55. Kd4 Nd6 1/2-1/2

[Event "45th Olympiad Budapest 2024"]
[Site "Budapest"]
[Date "2024.09.20"]
[Round "9.3"]
[White "Bodemar, Jonathan"]
[Black "Boggiano Pereira, Miguel A."]
[Result "1/2-1/2"]
[WhiteElo "2195"]
[BlackElo "2015"]
[PlyCount "68"]
[EventDate "2024.09.11"]
[EventType "team"]
[EventRounds "11"]
[EventCountry "HUN"]
[WhiteTeam "Thailand"]
[BlackTeam "Puerto Rico"]
[WhiteTeamCountry "THA"]
[BlackTeamCountry "PUR"]

1. e4 c5 2. Nf3 d6 3. d4 cxd4 4. Nxd4 Nf6 5. Nc3 a6 6. f3 e5 7. Nb3 Be6 8. Be3 Be7 9. Qd2 h5 10. O-O-O Nbd7 11. h3 b5 12. Bd3 h4 13. f4 Rc8 14. Kb1 Nb6 $146 ({RR} 14... Qc7 15. Qf2 Nh5 16. f5 Bc4 17. Rhe1 Ng3 18. a3 Nf6 19. Qf3 Qb8 20. Bg5 b4 21. axb4 Bxb3 22. cxb3 Qxb4 23. Bxa6 Ra8 24. Bxf6 gxf6 25. Nd5 Qb8 26. Rc1 Bd8 27. Rc8 Qa7 28. Nc7+ Ke7 29. Rxa8 {Rensch,D (2400)-Qin,Z Ottawa 2007 1-0 (42)}) ({RR} 14... Qc7 15. a3 Nb6 16. Qf2 Nc4 17. Bxc4 bxc4 18. Bb6 Qc6 19. Na5 Nxe4 20. Nxc6 Nxf2 21. Nxe7 Nxd1 22. Nxc8 Nxc3+ 23. bxc3 Bxc8 24. Be3 Bb7 25. Rg1 f6 26. Kc1 Kf7 27. Kd2 Be4 28. g4 hxg3 29. Rxg3 {Vyom Malhotra (1804)-Aronyak,G (2535) Gurugram IND 2024 0-1 (51)}) ({RR} 14... Bc4 15. Nd5 Bxd5 16. exd5 Nxd5 17. Bxb5 Nxe3 18. Bxd7+ Qxd7 19. Qxe3 Qf5 20. fxe5 dxe5 21. Qe2 O-O 22. Rhf1 Qe6 23. Nd2 Rc7 24. Rfe1 Rfc8 25. c3 Rc5 26. Nb3 Rb5 27. Qf3 Rcb8 28. Re2 a5 29. Ka1 {Ahlers,K (1880)-Silz,E (2011) Berlin 2019 ½-½ (37)}) 15. Qf2 Nfd7 16. fxe5 dxe5 17. Nd5 Nc4 18. Bxc4 bxc4 19. Nd2 Qa5 20. Rhf1 Bd8 21. Nf3 c3 22. b3 f5 23. Ng5 Bxg5 24. Bxg5 fxe4 25. Nxc3 Qxc3 26. Rd6 Bc4 27. Qa7 Bxf1 28. Qxd7+ Kf8 29. Qf5+ Kg8 30. Qe6+ Kh7 31. Qg6+ Kg8 32. Qe6+ Kh7 33. Qf5+ Kg8 34. Qe6+ Kh7 1/2-1/2